Groupe de 5 - Pokémon de Type Normal - Statistiques

Statistiques générales
  • Ce quiz a été pris 456 fois
    424 depuis la dernière actualisation
  • Le résultat moyen est 23 sur 50
Statistiques - réponses
Hint Réponse % Correct
PV les plus hauts Leveinard
86%
PV les plus hauts Leuphorie
85%
PV les plus hauts Grodoudou
76%
Type Secondaire = Fée Grodoudou
76%
par N° National Rattata
76%
par Niveau d'évolution Roucarnage
74%
par N° National Roucarnage
74%
par N° National Rattatac
72%
Type Secondaire = Fée Rondoudou
71%
PV les plus hauts Ronflex
71%
par N° National Roucoups
71%
par N° National Roucool
70%
PV les plus hauts Monaflèmit
69%
Atk la plus haute Monaflèmit
69%
Base stat la plus haute Monaflèmit
69%
par Niveau d'évolution Monaflèmit
69%
par Ordre Alphabétique Arceus
64%
Base stat la plus haute Arceus
64%
Base stat la plus basse Toudoudou
61%
Type Secondaire = Fée Toudoudou
61%
Atk la plus haute Regigigas
53%
Base stat la plus haute Regigigas
53%
Base stat la plus basse Ptiravi
48%
par Ordre Alphabétique Azurill
46%
Base stat la plus basse Azurill
46%
Type Secondaire = Fée Azurill
46%
Talent = Analyste Porygon
44%
Talent = Analyste Porygon2
43%
Talent = Analyste Porygon-Z
43%
Talent = Analyste Miradar
35%
Base stat la plus basse (Forme Finale*) Métamorph
33%
Talent = Analyste Ratentif
32%
par Ordre Alphabétique Brouhabam
30%
par Niveau d'évolution Brouhabam
30%
Type Secondaire = Fée Méga-Nanméouïe
29%
Base stat la plus basse (Forme Finale*) Delcatty
27%
Base stat la plus basse Fouinette
26%
Base stat la plus basse (Forme Finale*) Queulorior
26%
Base stat la plus haute Méga-Kangourex
24%
Base stat la plus haute Meloetta
22%
Atk la plus haute Méloetta (Pirouette)
22%
Atk la plus haute Ursaring
21%
Base stat la plus basse (Forme Finale*) Canarticho
19%
Atk la plus haute Méga-Lockpin
19%
Base stat la plus basse (Forme Finale*) Spinda
19%
par Ordre Alphabétique Argouste
18%
par Niveau d'évolution Guériaigle
15%
Base stat la plus basse Sapereau
11%
par Niveau d'évolution Chaffreux
9%
par Ordre Alphabétique Bazoucan
7%
Aucun quiz correspondant
Distribution des résultats
% des personnes avec chaque résultat
Percentile par nombre de réponses
Votre historique - résultats
Vous n’avez pas pris ce quiz depuis la dernière actualisation